Random Filipino to English Words #15 - Statistics

General Stats
  • This quiz has been taken 46 times
  • The average score is 11 of 15
Answer Stats
Filipino English % Correct
Tanong Question
94%
Tinapay Bread
89%
Sumbrero Hat
89%
Tsaa Tea
89%
Maghintay Wait
89%
Baha Flood
86%
Kambing Goat
86%
Para For
83%
Palasyo Palace
83%
Hanapin Find
77%
Binti Leg
77%
Repolyo Cabbage
74%
Buo Full
43%
Iyon Those
29%
Pino Pine
17%
No matching quizzes found
Score Distribution
Percent of People with Each Score
Percentile by Number Answered
Your Score History
You have not taken this quiz